| 000 | 00557nam a2200181Ia 4500 | ||
|---|---|---|---|
| 008 | 090630s9999 xx 000 0 und d | ||
| 082 | _b8906 | ||
| 100 | _aकाळे वैजयंती. | ||
| 245 |
_aमालक. _cकाळे वैजयंती. |
||
| 260 |
_bराजेंद्र - पुणे. _c1984 |
||
| 300 | _a175 | ||
| 600 | _aकाळे वैजयंती. | ||
| 630 | _aमालक. | ||
| 655 | _aकादंबरी. | ||
| 700 | _aकाळे वैजयंती. | ||
| 730 | _aमालक. | ||
| 942 | _cBOOK | ||
| 999 |
_c260762 _d260762 |
||